Changing Law (Record no. 232114)
[ view plain ]
| 000 -LEADER | |
|---|---|
| fixed length control field | 00560nam a22002057a 4500 |
| 005 - DATE AND TIME OF LATEST TRANSACTION | |
| control field | 20241205140617.0 |
| 008 - FIXED-LENGTH DATA ELEMENTS--GENERAL INFORMATION | |
| fixed length control field | 241205b ||||| |||| 00| 0 eng d |
| 020 ## - INTERNATIONAL STANDARD BOOK NUMBER | |
| International Standard Book Number | 9789384746469 |
| 040 ## - CATALOGING SOURCE | |
| Transcribing agency | AL |
| 041 ## - LANGUAGE CODE | |
| Language code of text/sound track or separate title | English |
| 082 ## - DEWEY DECIMAL CLASSIFICATION NUMBER | |
| Edition number | 23 |
| Classification number | 340.5 |
| Item number | DENC |
| 100 ## - MAIN ENTRY--PERSONAL NAME | |
| Personal name | Alfred Denning |
| 100 ## - MAIN ENTRY--PERSONAL NAME | |
| 9 (RLIN) | 187927 |
| 245 ## - TITLE STATEMENT | |
| Title | Changing Law |
| 260 ## - PUBLICATION, DISTRIBUTION, ETC. | |
| Place of publication, distribution, etc. | New Delhi |
| Name of publisher, distributor, etc. | Sweet and Maxwell |
| Date of publication, distribution, etc. | 2015 |
| 300 ## - PHYSICAL DESCRIPTION | |
| Extent | 122 p. |
| Other physical details | PB |
| Dimensions | 21x14 cm. |
| 365 ## - TRADE PRICE | |
| Price type code | 1060 |
| Price amount | ₹182.5 |
| Currency code | ₹ |
| Unit of pricing | ₹250.00 |
| Price note | 27% |
| Price effective from | 28-11-2024 |
| 650 ## - SUBJECT ADDED ENTRY--TOPICAL TERM | |
| Topical term or geographic name entry element | Law |
| 9 (RLIN) | 187928 |
| 700 ## - ADDED ENTRY--PERSONAL NAME | |
| Personal name | DENNING (Alfred) |
| 9 (RLIN) | 187929 |
| 942 ## - ADDED ENTRY ELEMENTS (KOHA) | |
| Source of classification or shelving scheme | Dewey Decimal Classification |
| Koha item type | Book |
| Withdrawn status | Lost status | Source of classification or shelving scheme | Damaged status | Not for loan | Collection code | Home library | Current library | Date acquired | Source of acquisition | Cost, normal purchase price | Total Checkouts | Full call number | Barcode | Date last seen | Cost, replacement price | Price effective from | Koha item type |
|---|---|---|---|---|---|---|---|---|---|---|---|---|---|---|---|---|---|
| Dewey Decimal Classification | Law | St Aloysius Law Library | St Aloysius Law Library | 12/03/2024 | MPP House,Bengaluru | 182.50 | 340.5 DENC | LL000336 | 12/05/2024 | 250.00 | 12/05/2024 | Book | |||||
| Dewey Decimal Classification | Law | St Aloysius Law Library | St Aloysius Law Library | 12/03/2024 | MPP House,Bengaluru | 182.50 | 340.5 DENC | LL000337 | 12/05/2024 | 250.00 | 12/05/2024 | Book | |||||
| Dewey Decimal Classification | Law | St Aloysius Law Library | St Aloysius Law Library | 12/03/2024 | MPP House,Bengaluru | 182.50 | 340.5 DENC | LL000338 | 12/05/2024 | 250.00 | 12/05/2024 | Book | |||||
| Dewey Decimal Classification | Law | St Aloysius Law Library | St Aloysius Law Library | 12/03/2024 | MPP House,Bengaluru | 182.50 | 340.5 DENC | LL000339 | 12/05/2024 | 250.00 | 12/05/2024 | Book | |||||
| Dewey Decimal Classification | Law | St Aloysius Law Library | St Aloysius Law Library | 12/03/2024 | MPP House,Bengaluru | 182.50 | 340.5 DENC | LL000340 | 12/05/2024 | 250.00 | 12/05/2024 | Book |